000 00771nam a2200205 i 4500
001 76518
003 ES-MaACL
005 20260210163244.0
007 t|
008 041001s1957 sp f |||| | spa d
100 1 _aGuinea López, Emilio,
_d1907-1985
_960863
245 1 0 _aManzanas de España
_b: Asturias /
_cEmilio Guinea.
260 _aMadrid :
_b[s.n.],
_c1957 (
_fTip. Artística)
300 _aXXXIX, 209 p., 48 lám. ;
_c24 cm.
500 _aPrecede al tít.: Ministerio de Agricultura. Dirección General de Agicultura. Instituto Nacional de Investigaciones Agronómicas.
650 4 _aManzanas.
_9167405
710 _aInstituto Nacional de Investigaciones Agronómicas
_c(España)
_9219222
852 _aES-MaACL
_jC-12543
999 _c76518
_d76518